[Event "World Rapid 2023"]
[Site "Samarkand UZB"]
[Date "2023.12.28"]
[EventDate "2023.12.26"]
[Round "12.32"]
[Result "1/2-1/2"]
[White "Mukhiddin Madaminov"]
[Black "Alan Pichot"]
[WhiteElo "2494"]
[BlackElo "2651"]
[PlyCount "84"]

1. e4 e5 2. Nf3 Nc6 3. Bb5 a6 4. Ba4 Nf6 5. O-O b5 6. Bb3 Bc5 7. a4 Rb8 8. c3 d6
9. d4 Bb6 10. a5 Ba7 11. h3 Bb7 12. Be3 Nxe4 13. Nbd2 exd4 14. cxd4 Nxd2 15.
Qxd2 O-O 16. Rfe1 Qd7 17. d5 Bxe3 18. Rxe3 Ne7 19. Rae1 Ng6 20. Qc2 Rbc8 21. Ng5
Rfe8 22. Rxe8+ Rxe8 23. Rxe8+ Qxe8 24. Qxc7 Bxd5 25. Bxd5 Qe1+ 26. Kh2 Qe5+ 27.
f4 Qxd5 28. Qc8+ Nf8 29. Qxa6 Qd2 30. Qxb5 Qxf4+ 31. Kg1 Qe3+ 32. Kh2 Qf4+ 33.
Kg1 Qe3+ 34. Kf1 h6 35. Nf3 Ng6 36. a6 Nf4 37. Qc4 g5 38. Qc8+ Kh7 39. Qc2+ Kg8
40. Ne1 Nh5 41. Nf3 Nf4 42. b4 Nh5 1/2-1/2

[Event "World Rapid 2023"]
[Site "Samarkand UZB"]
[Date "2023.12.28"]
[EventDate "2023.12.26"]
[Round "12.33"]
[Result "1-0"]
[White "Ortik Nigmatov"]
[Black "Sanan Sjugirov"]
[WhiteElo "2439"]
[BlackElo "2703"]
[PlyCount "96"]

1. e4 c5 2. Nf3 Nc6 3. d4 cxd4 4. Nxd4 Nf6 5. Nc3 e5 6. Ndb5 d6 7. Nd5 Nxd5 8.
exd5 Nb8 9. c4 Be7 10. Be2 Nd7 11. O-O O-O 12. f4 a6 13. Nc3 f5 14. Kh1 Bf6 15.
Qc2 g6 16. Bd2 b6 17. Rae1 Ra7 18. b3 exf4 19. Bxf4 Be5 20. Bxe5 Nxe5 21. Qd2
Re7 22. Bd1 Rfe8 23. Ne2 b5 24. cxb5 axb5 25. Nd4 Qb6 26. h3 Bd7 27. Bf3 Kh8 28.
Rc1 b4 29. Nc6 Nxf3 30. Rxf3 Re4 31. Qb2+ Kg8 32. Rff1 Kf7 33. a4 Bc8 34. Qd2
Qe3 35. Qxe3 Rxe3 36. Rf3 R3e4 37. Na7 Ba6 38. Rc6 Be2 39. Rf2 Re3 40. Nc8 Rd8
41. Nxd6+ Ke7 42. Nc8+ Kf7 43. Re6 Rxb3 44. Nd6+ Rxd6 45. Rxd6 Bc4 46. Rc2 Bd3
47. Rc7+ Ke8 48. Rb6 1-0

[Event "World Rapid 2023"]
[Site "Samarkand UZB"]
[Date "2023.12.28"]
[EventDate "2023.12.26"]
[Round "12.34"]
[Result "1/2-1/2"]
[White "Sabino Brunello"]
[Black "Mukhammadali Abdurakhmonov"]
[WhiteElo "2500"]
[BlackElo "2409"]
[PlyCount "90"]

1. c4 e6 2. g3 d5 3. Bg2 Nf6 4. Nf3 dxc4 5. Qa4+ Nbd7 6. Qxc4 a6 7. Qc2 c5 8.
Nc3 Ra7 9. a4 b6 10. O-O Bb7 11. Rd1 Be7 12. e4 Qa8 13. d3 O-O 14. Bf4 h6 15. h3
Rc8 16. Qe2 Bc6 17. Nd2 b5 18. Nb3 b4 19. Nb1 c4 20. dxc4 Bxe4 21. Bxe4 Qxe4 22.
Be3 Rac7 23. N1d2 Qa8 24. Bf4 Ra7 25. Rac1 a5 26. Nf3 Nc5 27. Nxc5 Bxc5 28. Ne5
Ne4 29. Nd3 Bd4 30. Be3 Bxe3 31. Qxe3 Rac7 32. Ne5 Qb7 33. Rd4 f5 34. Rcd1 b3
35. h4 Kh7 36. h5 Nf6 37. Qe2 Qb4 38. Rd8 Qb8 39. R8d6 Rc5 40. Rxe6 Re8 41. Nd7
Rxe6 42. Qxe6 Nxd7 43. Rxd7 Qf8 44. Rf7 Qg8 45. Qg6+ 1/2-1/2

[Event "World Rapid 2023"]
[Site "Samarkand UZB"]
[Date "2023.12.28"]
[EventDate "2023.12.26"]
[Round "12.35"]
[Result "1-0"]
[White "Vladislav Kovalev"]
[Black "Alexey Sarana"]
[WhiteElo "2582"]
[BlackElo "2688"]
[PlyCount "106"]

1. e4 d6 2. d4 Nf6 3. Nc3 e5 4. Nf3 Nbd7 5. Bc4 Be7 6. O-O c6 7. a4 a5 8. Re1
O-O 9. h3 Nb6 10. Bb3 Nfd7 11. Be3 exd4 12. Nxd4 Nc5 13. Qf3 Nxb3 14. cxb3 Nd7
15. Nf5 Ne5 16. Nxe7+ Qxe7 17. Qg3 Be6 18. f4 Nd7 19. Bd4 f6 20. Nd5 Bxd5 21.
exd5 Qf7 22. Re6 cxd5 23. Rxd6 Rfe8 24. Rd1 Rac8 25. Qg4 Rc7 26. Bc3 b6 27. Qf5
Nc5 28. Rxb6 Ne4 29. Qxd5 Nxc3 30. bxc3 Rxc3 31. Rb7 Qxd5 32. Rxd5 h5 33. Rxh5
Ree3 34. Kh2 Rxb3 35. Rxb3 Rxb3 36. Rxa5 Kh7 37. h4 Kg6 38. h5+ Kh6 39. g3 Ra3
40. Kh3 Kh7 41. Kg4 Kh6 42. Ra8 Kh7 43. a5 Rb3 44. a6 Rb5 45. a7 Ra5 46. f5 Ra4+
47. Kf3 Ra3+ 48. Ke4 Ra4+ 49. Kd5 Ra5+ 50. Ke6 Ra1 51. Kf7 Ra6 52. g4 Ra4 53. h6 1-0

[Event "World Rapid 2023"]
[Site "Samarkand UZB"]
[Date "2023.12.28"]
[EventDate "2023.12.26"]
[Round "12.36"]
[Result "0-1"]
[White "Yuriy Kuzubov"]
[Black "Vahap Sanal"]
[WhiteElo "2613"]
[BlackElo "2595"]
[PlyCount "118"]

1. d4 d6 2. Nf3 Nf6 3. g3 g6 4. Bg2 Bg7 5. O-O O-O 6. Re1 Nbd7 7. e4 e5 8. c3
Re8 9. Nbd2 b6 10. Qc2 Bb7 11. dxe5 dxe5 12. b4 a5 13. Bb2 Qe7 14. a3 h6 15. Nc4
Qe6 16. Nfd2 Nf8 17. Ne3 h5 18. Ndc4 h4 19. Rad1 h3 20. Bh1 Ba6 21. Nd2 Rad8 22.
c4 axb4 23. axb4 c6 24. Nf3 N6h7 25. Ra1 Qc8 26. Qa4 Bb7 27. c5 bxc5 28. bxc5
Ne6 29. Qa5 Neg5 30. Nxg5 Nxg5 31. Nc4 Qg4 32. Qc3 Ne6 33. Nd6 Re7 34. Ra7 Rdd7
35. Bf3 Qg5 36. Bc1 Qf6 37. Bg4 Nxc5 38. Nxb7 Nd3 39. Rf1 Nxc1 40. Ra8+ Kh7 41.
Nc5 Qg5 42. Qxc1 Qxg4 43. f3 Qh5 44. Nxd7 Rxd7 45. Ra2 Bh6 46. Qc3 Qg5 47. Kf2
Qf6 48. Ke2 Qd6 49. Qb3 Qc5 50. Rd1 Rb7 51. Qd3 Rb4 52. Rc2 Qb6 53. Kf1 Rb3 54.
Qe2 Re3 55. Qf2 Qb3 56. Kg1 Rxf3 57. Qe2 Be3+ 58. Kh1 Rf2 59. Qc4 Qxc2 0-1

[Event "World Rapid 2023"]
[Site "Samarkand UZB"]
[Date "2023.12.28"]
[EventDate "2023.12.26"]
[Round "12.37"]
[Result "1-0"]
[White "Dmitry Bocharov"]
[Black "Robert Hovhannisyan"]
[WhiteElo "2518"]
[BlackElo "2611"]
[PlyCount "90"]

1. c4 e5 2. d3 Nf6 3. Nf3 Nc6 4. a3 d5 5. cxd5 Nxd5 6. e4 Nb6 7. Be3 Be7 8. Nbd2
f5 9. Rc1 f4 10. Bc5 Be6 11. Be2 Bxc5 12. Rxc5 Qf6 13. Qc2 O-O 14. b4 a6 15. O-O
Kh8 16. Rc1 Bd7 17. h3 Rae8 18. Qd1 Qd6 19. Nb3 Qg6 20. Kh2 Na4 21. R5c2 Qd6 22.
Rd2 Nd4 23. Nbxd4 exd4 24. Rc4 Nc3 25. Qc1 Be6 26. Rxd4 Nxe2 27. Rxe2 Qb6 28.
Qc5 Rc8 29. Rc2 Bg8 30. Qxb6 cxb6 31. Rxc8 Rxc8 32. Rd7 Rc3 33. Ne5 Rxa3 34.
Rxb7 a5 35. Rxb6 a4 36. Ra6 Ra1 37. d4 a3 38. d5 a2 39. f3 g5 40. b5 Bxd5 41.
exd5 Re1 42. Rxa2 Rxe5 43. b6 Kg7 44. b7 g4 45. fxg4 1-0

[Event "World Rapid 2023"]
[Site "Samarkand UZB"]
[Date "2023.12.28"]
[EventDate "2023.12.26"]
[Round "12.38"]
[Result "1-0"]
[White "Denis Lazavik"]
[Black "Timur Gareyev"]
[WhiteElo "2566"]
[BlackElo "2570"]
[PlyCount "76"]

1. d4 d6 2. Nf3 Nf6 3. c4 g6 4. g3 Bf5 5. Bg2 Bg7 6. Qb3 Nbd7 7. Qxb7 c5 8. Qb3
O-O 9. O-O a5 10. Nc3 Ne4 11. Nh4 a4 12. Qd1 Ndf6 13. Nxf5 gxf5 14. dxc5 dxc5
15. Qc2 a3 16. Nb5 h5 17. bxa3 h4 18. Bb2 hxg3 19. hxg3 Ra6 20. Rad1 Qb8 21.
Bxf6 Rxf6 22. Bxe4 fxe4 23. Qxe4 Rg6 24. Kg2 Be5 25. f4 Bf6 26. Rh1 Rd8 27.
Rxd8+ Qxd8 28. Qd3 Qa5 29. e4 e6 30. e5 Bg7 31. Nd6 Bh6 32. Ne4 Bg7 33. Rd1 Qa4
34. Nxc5 Qc6+ 35. Ne4 Bh6 36. Kf3 Kg7 37. c5 Qa8 38. Rh1 1-0

[Event "World Rapid 2023"]
[Site "Samarkand UZB"]
[Date "2023.12.28"]
[EventDate "2023.12.26"]
[Round "12.39"]
[Result "1-0"]
[White "Denis Makhnev"]
[Black "David Paravyan"]
[WhiteElo "2486"]
[BlackElo "2612"]
[PlyCount "54"]

1. d4 d5 2. c4 dxc4 3. Nf3 Nf6 4. e3 e6 5. Bxc4 c5 6. O-O Nc6 7. Ne5 cxd4 8.
Nxc6 bxc6 9. exd4 Be7 10. Qf3 O-O 11. Rd1 Qb6 12. Nc3 Ba6 13. Na4 Qa5 14. Bb3
Bb5 15. Nc3 Rfd8 16. Bf4 Nd5 17. Be5 Nxc3 18. bxc3 Qa6 19. Re1 c5 20. d5 c4 21.
dxe6 fxe6 22. Bc2 Rac8 23. Bxh7+ Kxh7 24. Qf7 Bf6 25. Re3 Rd3 26. Bxf6 Rg8 27.
Qh5# 1-0

[Event "World Rapid 2023"]
[Site "Samarkand UZB"]
[Date "2023.12.28"]
[EventDate "2023.12.26"]
[Round "12.40"]
[Result "1-0"]
[White "Rudik Makarian"]
[Black "M Amin Tabatabaei"]
[WhiteElo "2530"]
[BlackElo "2692"]
[PlyCount "98"]

1. d4 d5 2. c4 c6 3. Nf3 Nf6 4. Nc3 e6 5. Bg5 h6 6. Bxf6 Qxf6 7. a3 dxc4 8. e3
b5 9. Ne5 Bb7 10. b3 cxb3 11. Nxb5 cxb5 12. Qxb3 Bd6 13. Qxb5+ Bc6 14. Nxc6 O-O
15. Ne5 a6 16. Qb7 Bxe5 17. Qxa8 Bxd4 18. exd4 Qxd4 19. Rd1 Qc3+ 20. Rd2 Qa1+
21. Rd1 Qc3+ 22. Rd2 Qa1+ 23. Ke2 Qe5+ 24. Kf3 Qf5+ 25. Ke2 Qe5+ 26. Kf3 Qa5 27.
Rd3 Nd7 28. Qe4 Nf6 29. Qb4 Qf5+ 30. Qf4 Qc5 31. Qd4 Qc6+ 32. Ke2 e5 33. Qc3 Qe6
34. Qb3 Qf5 35. Rf3 Qe4+ 36. Re3 Qd4 37. Qd3 Qb6 38. Qb3 Qd4 39. Qc3 Qd7 40. Qd2
Qe6 41. g3 Rb8 42. Qc2 Nd5 43. Bg2 Rc8 44. Qxc8+ Qxc8 45. Bxd5 Qg4+ 46. f3 Qh5
47. Kf2 g6 48. Kg2 Qf5 49. Rhe1 1-0

[Event "World Rapid 2023"]
[Site "Samarkand UZB"]
[Date "2023.12.28"]
[EventDate "2023.12.26"]
[Round "12.41"]
[Result "1/2-1/2"]
[White "Aleksey Grebnev"]
[Black "Conrad Holt"]
[WhiteElo "2525"]
[BlackElo "2540"]
[PlyCount "148"]

1. d4 d5 2. c4 c6 3. Nc3 dxc4 4. e4 b5 5. a4 b4 6. Nb1 Ba6 7. Qc2 Qxd4 8. Nf3
Qd6 9. Nbd2 c3 10. bxc3 Bxf1 11. Nxf1 Qc5 12. Bb2 e6 13. Ng3 Nf6 14. O-O Nbd7
15. e5 Nd5 16. Ne4 Qc4 17. Nfd2 b3 18. Qd1 Qd3 19. c4 Nb4 20. Qg4 h5 21. Qg5 Nc5
22. Nd6+ Bxd6 23. exd6 Qxd6 24. Bxg7 Rg8 25. Nf3 Nbd3 26. Rab1 Qf4 27. Qxh5
O-O-O 28. Bh6 Qg4 29. Qxg4 Rxg4 30. Be3 Rxc4 31. Bxc5 Nxc5 32. Ne5 Rc2 33. Nxc6
Rd7 34. h4 b2 35. Ne5 Rd5 36. Nc6 Rh5 37. Nxa7+ Kb7 38. Nb5 Nxa4 39. Nd4 Rc4 40.
Ne2 Rcxh4 41. f4 Rh1+ 42. Kf2 Rxf1+ 43. Rxf1 Nb6 44. Rb1 Nc4 45. Nc3 Rh4 46. Kg3
Rh5 47. Kf2 Kc6 48. Ke2 Ra5 49. Kd3 Kc5 50. Rh1 Ra3 51. Kc2 Kb4 52. Nb1 Rg3 53.
Rh2 f6 54. f5 exf5 55. Rh8 Rxg2+ 56. Kd3 Ne5+ 57. Kd4 Nc6+ 58. Kd3 Rg3+ 59. Kc2
Rg2+ 60. Kd3 Kb3 61. Rc8 Rg3+ 62. Kd2 Ka2 63. Nc3+ Rxc3 64. Kxc3 b1=N+ 65. Kd3
Nb4+ 66. Kc4 Nc2 67. Kd3 Ne1+ 68. Ke2 Ng2 69. Kf3 Nh4+ 70. Kf4 Kb3 71. Rh8 Ng6+
72. Kxf5 Nxh8 73. Kxf6 Ng6 74. Kxg6 1/2-1/2

[Event "World Rapid 2023"]
[Site "Samarkand UZB"]
[Date "2023.12.28"]
[EventDate "2023.12.26"]
[Round "12.42"]
[Result "1/2-1/2"]
[White "Jinshi Bai"]
[Black "Robert Ruck"]
[WhiteElo "2585"]
[BlackElo "2531"]
[PlyCount "96"]

1. Nf3 d5 2. g3 g6 3. Bg2 Bg7 4. d4 Nf6 5. c4 c6 6. O-O O-O 7. Qa4 dxc4 8. Qxc4
Bf5 9. e3 Nbd7 10. h3 Qc7 11. Nc3 Ne4 12. Qe2 Nb6 13. Rd1 Rad8 14. Nh4 Nxc3 15.
bxc3 Be6 16. e4 Bc4 17. Qc2 c5 18. Nf3 cxd4 19. cxd4 Qd7 20. Bf4 Rc8 21. Qd2 Qa4
22. Bh6 Bb5 23. Bxg7 Kxg7 24. Rdc1 Rxc1+ 25. Rxc1 Rc8 26. Rxc8 Nxc8 27. d5 Qc4
28. Nd4 Kg8 29. Qb2 Ba6 30. e5 Qc7 31. f4 Qc5 32. Kh2 Nb6 33. d6 exd6 34. e6 Qc7
35. exf7+ Qxf7 36. h4 Bc4 37. Qa3 Bd5 38. Qxa7 Bxg2 39. Qxb6 Bc6 40. Nxc6 Qxa2+
41. Kh3 Qe6+ 42. Kh2 Qe2+ 43. Kh3 Qe6+ 44. Kh2 bxc6 45. Qxc6 h5 46. Kg2 Qe2+ 47.
Kg1 Qe3+ 48. Kg2 Qe2+ 1/2-1/2

[Event "World Rapid 2023"]
[Site "Samarkand UZB"]
[Date "2023.12.28"]
[EventDate "2023.12.26"]
[Round "12.43"]
[Result "1/2-1/2"]
[White "Mittal Aditya"]
[Black "Aryan Tari"]
[WhiteElo "2595"]
[BlackElo "2623"]
[PlyCount "74"]

1. d4 d5 2. Nf3 Nf6 3. c4 e6 4. Nc3 h6 5. g3 Be7 6. Bg2 O-O 7. O-O dxc4 8. Ne5
Nc6 9. Bxc6 bxc6 10. Nxc6 Qe8 11. Nxe7+ Qxe7 12. Qa4 a5 13. Qxc4 Ba6 14. Qc5
Qxc5 15. dxc5 Nd5 16. Re1 Nxc3 17. bxc3 e5 18. f3 a4 19. Rb1 Bc4 20. a3 Bb3 21.
Rb2 Ra5 22. Be3 Rd8 23. Kf2 f6 24. Rc1 Kf7 25. Ke1 Ke6 26. c4 g5 27. Rd2 Raa8
28. Rd3 h5 29. Kd2 g4 30. f4 Rab8 31. Kc3 Rxd3+ 32. exd3 Ba2 33. Kc2 Bb3+ 34.
Kd2 Ba2 35. Kc2 Bb3+ 36. Kd2 Ba2 37. Kc2 1/2-1/2

[Event "World Rapid 2023"]
[Site "Samarkand UZB"]
[Date "2023.12.28"]
[EventDate "2023.12.26"]
[Round "12.44"]
[Result "1-0"]
[White "Ediz Gurel"]
[Black "Levan Pantsulaia"]
[WhiteElo "2560"]
[BlackElo "2561"]
[PlyCount "132"]

1. e4 c6 2. d4 d5 3. Nc3 dxe4 4. Nxe4 Bf5 5. Ng3 Bg6 6. h4 h6 7. Nf3 Nd7 8. h5
Bh7 9. Bd3 Bxd3 10. Qxd3 e6 11. Bd2 Ngf6 12. O-O-O Qc7 13. Qe2 Bd6 14. Nf5 Bf4
15. Ne3 O-O 16. g4 Ne4 17. Rhg1 Ndf6 18. Kb1 Nxd2+ 19. Rxd2 Rfd8 20. Rdd1 c5 21.
c3 Rac8 22. g5 hxg5 23. Nxg5 cxd4 24. cxd4 Bxg5 25. Rxg5 Rxd4 26. Rdg1 Ne8 27.
a3 Qh2 28. h6 Qxh6 29. Rh5 Rd2 30. Qb5 Qf6 31. Ng4 Qd4 32. Rh8+ Kxh8 33. Qh5+
Kg8 34. Nh6+ Kh7 35. Nxf7+ Kg8 36. Nh6+ Kh7 37. Nf5+ Kg8 38. Nxd4 Rxd4 39. Qe5
Rd6 40. f4 Rcc6 41. f5 Kf7 42. fxe6+ Rxe6 43. Qb8 Re7 44. Qxa7 Nf6 45. Qb8 Rce6
46. Ka2 Ne4 47. Qh8 g5 48. Rf1+ Kg6 49. Qg8+ Kh5 50. Rh1+ Kg4 51. Qh8 Ng3 52.
Qh3+ Kf4 53. Rg1 Re3 54. Qh6 Kg4 55. Qd6 R7e5 56. Qd7+ Kf4 57. Qxb7 g4 58. Qf7+
Nf5 59. Qh5 Rg3 60. Qh2 Re3 61. a4 Kg5 62. a5 Rh3 63. Qd2 Rh6 64. Re1 Kf4 65.
Rf1+ Ke4 66. Rxf5 1-0

[Event "World Rapid 2023"]
[Site "Samarkand UZB"]
[Date "2023.12.28"]
[EventDate "2023.12.26"]
[Round "12.45"]
[Result "1/2-1/2"]
[White "Arseniy Nesterov"]
[Black "Maksim Tsaruk"]
[WhiteElo "2584"]
[BlackElo "2460"]
[PlyCount "56"]

1. d4 f5 2. c4 Nf6 3. Nf3 e6 4. g3 Bb4+ 5. Bd2 Bxd2+ 6. Qxd2 b6 7. Bg2 Bb7 8.
O-O O-O 9. Nc3 Ne4 10. Qc2 Nxc3 11. Qxc3 Be4 12. Rfd1 d6 13. Qe3 Re8 14. Ng5
Bxg2 15. Kxg2 Qe7 16. d5 e5 17. b4 Nd7 18. Ne6 Nf8 19. Nxf8 Rxf8 20. c5 f4 21.
Qe4 Rf6 22. cxd6 cxd6 23. Rac1 Raf8 24. f3 Rg6 25. Rc6 fxg3 26. hxg3 Qg5 27. Qg4
Qe3 28. Qe4 Qg5 1/2-1/2

[Event "World Rapid 2023"]
[Site "Samarkand UZB"]
[Date "2023.12.28"]
[EventDate "2023.12.26"]
[Round "12.46"]
[Result "1/2-1/2"]
[White "AR Saleh Salem"]
[Black "Savva Vetokhin"]
[WhiteElo "2639"]
[BlackElo "2396"]
[PlyCount "66"]

1. d4 Nf6 2. c4 e6 3. Nf3 d5 4. g3 dxc4 5. Bg2 c5 6. O-O Nc6 7. Na3 cxd4 8. Nxc4
Bc5 9. b3 O-O 10. Bb2 Qe7 11. Nxd4 Bxd4 12. Bxd4 Rd8 13. Bxc6 bxc6 14. Bc5 Rxd1
15. Bxe7 Rxa1 16. Rxa1 Nd5 17. Bc5 Nc3 18. e3 Ba6 19. Na5 f6 20. Bb4 Nd5 21. Ba3
Nc3 22. Bb4 Nd5 23. Bc5 Nc3 24. Kg2 Rd8 25. Bb4 Nd5 26. Ba3 Nc3 27. Bb4 Nd5 28.
Be1 c5 29. Rc1 Rc8 30. e4 Nb6 31. f3 c4 32. Kf2 Kf7 33. bxc4 1/2-1/2

[Event "World Rapid 2023"]
[Site "Samarkand UZB"]
[Date "2023.12.28"]
[EventDate "2023.12.26"]
[Round "12.48"]
[Result "0-1"]
[White "Velimir Ivic"]
[Black "Laurent Fressinet"]
[WhiteElo "2570"]
[BlackElo "2637"]
[PlyCount "60"]

1. e4 e5 2. Nf3 Nc6 3. Bb5 Nf6 4. d3 Bc5 5. Bxc6 dxc6 6. Nbd2 Be6 7. O-O Nd7 8.
Nb3 Be7 9. Na5 Qc8 10. b3 c5 11. Nc4 f6 12. Nh4 g6 13. Bh6 b6 14. Qe2 Qb7 15. a3
O-O-O 16. Bd2 Nb8 17. b4 Bxc4 18. dxc4 f5 19. Nf3 Qxe4 20. Qxe4 fxe4 21. Bg5
exf3 22. Bxe7 fxg2 23. Rfe1 Rd4 24. Rxe5 Rxc4 25. b5 Re8 26. Rae1 a6 27. bxa6
Nc6 28. R5e3 Nd4 29. c3 Nc2 30. Re4 Nxe1 0-1

[Event "World Rapid 2023"]
[Site "Samarkand UZB"]
[Date "2023.12.28"]
[EventDate "2023.12.26"]
[Round "12.49"]
[Result "0-1"]
[White "Haik M Martirosyan"]
[Black "Alexander Riazantsev"]
[WhiteElo "2678"]
[BlackElo "2616"]
[PlyCount "104"]

1. d4 Nf6 2. c4 g6 3. Nc3 Bg7 4. e4 d6 5. Be2 O-O 6. Be3 a5 7. h4 Nc6 8. d5 Ne5
9. h5 Neg4 10. Bg5 c6 11. hxg6 fxg6 12. f3 Qb6 13. Nh3 Qxb2 14. Rc1 Nh5 15. Qb3
Qxb3 16. axb3 Ng3 17. Rg1 Nf6 18. Bd1 h6 19. Bh4 Ngh5 20. g4 g5 21. Bf2 Nh7 22.
Na4 N5f6 23. Be3 Nd7 24. Be2 c5 25. Kd2 Rb8 26. Rcf1 Ne5 27. Nb6 Nd7 28. Na4
Nhf6 29. Nc3 Ne5 30. Na4 b6 31. Nc3 Bd7 32. f4 Nexg4 33. fxg5 Nxe3 34. Kxe3 Ng4+
35. Kd2 Rxf1 36. Rxf1 hxg5 37. Bxg4 Bxg4 38. Nxg5 Bh6 39. Rg1 Bxg5+ 40. Kd3 Bf6
41. Rxg4+ Kf7 42. Rf4 Ke8 43. Nb5 Kd7 44. Rg4 Rh8 45. Kc2 Rh2+ 46. Kc1 Bb2+ 47.
Kd1 Be5 48. Kc1 Rb2 49. Rg3 a4 50. Rd3 axb3 51. Na3 b5 52. Rd2 Ra2 0-1

[Event "World Rapid 2023"]
[Site "Samarkand UZB"]
[Date "2023.12.28"]
[EventDate "2023.12.26"]
[Round "12.50"]
[Result "0-1"]
[White "Henriquez Villagra, Cristobal"]
[Black "Liam Vrolijk"]
[WhiteElo "2607"]
[BlackElo "2566"]
[PlyCount "82"]

1. Nf3 d5 2. g3 g6 3. Bg2 Bg7 4. O-O Nf6 5. d4 O-O 6. c3 Nbd7 7. a4 a5 8. Na3 c6
9. c4 dxc4 10. Nxc4 Nb6 11. Nce5 Bf5 12. Ng5 h6 13. e4 Bc8 14. Ngxf7 Rxf7 15.
Qb3 e6 16. Be3 Nbd7 17. Nxf7 Kxf7 18. Rad1 Qe7 19. h3 Qb4 20. Qc2 Nf8 21. f4 Kg8
22. g4 Bd7 23. b3 Be8 24. Rf2 Rd8 25. d5 Nxe4 26. Bxe4 exd5 27. Bc5 Qc3 28. Qxc3
Bxc3 29. f5 g5 30. f6 Bf7 31. Be7 Re8 32. Bc2 Bb4 33. Re2 Bg6 34. Rf1 Kf7 35.
Kg2 Bxc2 36. Rxc2 Ng6 37. Rff2 Nf4+ 38. Kf3 Nd3 39. Bxb4 axb4 40. Rfe2 Ne1+ 41.
Rxe1 Rxe1 0-1

[Event "World Rapid 2023"]
[Site "Samarkand UZB"]
[Date "2023.12.28"]
[EventDate "2023.12.26"]
[Round "12.51"]
[Result "0-1"]
[White "Raunak Sadhwani"]
[Black "Klementy Sychev"]
[WhiteElo "2654"]
[BlackElo "2542"]
[PlyCount "34"]

1. d4 d5 2. Nc3 Nf6 3. Bf4 c5 4. e3 cxd4 5. exd4 a6 6. Nf3 Nc6 7. Ne5 Bd7 8. g4
h6 9. h4 e6 10. Nxc6 Bxc6 11. Qf3 Qa5 12. Bd2 Qb6 13. O-O-O Qxd4 14. g5 hxg5 15.
Bxg5 Qg4 16. Qe3 d4 17. Rxd4 Bc5 0-1

[Event "World Rapid 2023"]
[Site "Samarkand UZB"]
[Date "2023.12.28"]
[EventDate "2023.12.26"]
[Round "12.52"]
[Result "0-1"]
[White "Matvey Galchenko"]
[Black "Evgeniy Najer"]
[WhiteElo "2438"]
[BlackElo "2663"]
[PlyCount "68"]

1. e4 e5 2. Nf3 Nc6 3. d4 exd4 4. Nxd4 Qf6 5. Nf3 Qg6 6. Bd3 Qxg2 7. Rg1 Qh3 8.
Bf4 d6 9. Rg3 Qd7 10. Nc3 Nf6 11. Rg1 g6 12. Qe2 Nh5 13. Bg5 Bg7 14. O-O-O O-O
15. Nd5 Nd8 16. e5 Ne6 17. Kb1 Nxg5 18. Rxg5 c6 19. Rxh5 cxd5 20. Rh4 dxe5 21.
Nxe5 Qe7 22. Nf3 Be6 23. Rg1 Rfe8 24. Ng5 Qf6 25. c3 h6 26. Nf3 Bg4 27. Rhxg4
Rxe2 28. Bxe2 Re8 29. Bd1 Re4 30. R4g3 b5 31. Bb3 Rf4 32. Nd4 b4 33. Bxd5 bxc3
34. bxc3 Rxd4 0-1

[Event "World Rapid 2023"]
[Site "Samarkand UZB"]
[Date "2023.12.28"]
[EventDate "2023.12.26"]
[Round "12.53"]
[Result "0-1"]
[White "Deshun Xiu"]
[Black "Jakub Kosakowski"]
[WhiteElo "2510"]
[BlackElo "2479"]
[PlyCount "76"]

1. Nf3 Nf6 2. c4 e6 3. Nc3 d5 4. d4 Bb4 5. Qa4+ Nc6 6. e3 O-O 7. Qc2 Re8 8. Bd2
Bf8 9. a3 b6 10. cxd5 exd5 11. Bb5 Bd7 12. O-O Ne7 13. Bxd7 Qxd7 14. Ne5 Qd8 15.
Rac1 c5 16. Rfd1 g6 17. Be1 Nf5 18. Ne2 c4 19. g4 Nh4 20. h3 Ne4 21. Ng3 Nd6 22.
Qe2 b5 23. f4 f6 24. e4 dxe4 25. Nxe4 Nxe4 26. Bxh4 Qd5 27. Kh2 fxe5 28. dxe5
Qc6 29. Rd4 Nc5 30. Rcd1 Nd3 31. Re4 Bg7 32. Bg3 Rad8 33. f5 Nc5 34. Red4 Rxd4
35. Rxd4 Nd3 36. Re4 Bxe5 37. Bxe5 Rxe5 38. Rxe5 Qd6 0-1

[Event "World Rapid 2023"]
[Site "Samarkand UZB"]
[Date "2023.12.28"]
[EventDate "2023.12.26"]
[Round "12.54"]
[Result "1-0"]
[White "Andrey Gorovets"]
[Black "Haowen Xue"]
[WhiteElo "2481"]
[BlackElo "2455"]
[PlyCount "56"]

1. Nf3 d5 2. g3 Bg4 3. Bg2 Nf6 4. h3 Bh5 5. c4 c6 6. O-O e6 7. d4 Nbd7 8. cxd5
exd5 9. Ne5 Nxe5 10. dxe5 Nd7 11. f4 f5 12. Qc2 Bg6 13. Nd2 Nc5 14. b4 Ne6 15.
Rb1 Be7 16. a3 O-O 17. Nb3 Qb6+ 18. Kh2 Bh5 19. Qd3 d4 20. Bb2 Rad8 21. Rfd1 g5
22. Nxd4 gxf4 23. Qb3 Bf7 24. Nxe6 c5 25. Rd6 Bxd6 26. exd6 Qxd6 27. Qc3 fxg3+
28. Kg1 1-0

[Event "World Rapid 2023"]
[Site "Samarkand UZB"]
[Date "2023.12.28"]
[EventDate "2023.12.26"]
[Round "12.55"]
[Result "1-0"]
[White "V Pranav"]
[Black "Boris Savchenko"]
[WhiteElo "2611"]
[BlackElo "2505"]
[PlyCount "122"]

1. e4 c5 2. Nf3 d6 3. d4 cxd4 4. Nxd4 Nf6 5. Nc3 a6 6. h3 e6 7. g4 b5 8. Bg2 Bb7
9. g5 Nfd7 10. h4 Be7 11. a4 b4 12. Nce2 O-O 13. b3 Nc5 14. Ng3 d5 15. e5 Ne4
16. Nge2 Qc7 17. Rh3 Nc6 18. f4 Bc5 19. Be3 Qb6 20. Qd3 a5 21. Nxc6 Qxc6 22.
Bxe4 dxe4 23. Qc4 Rfc8 24. Qxc5 Qxc5 25. Bxc5 Rxc5 26. O-O-O Rac8 27. Rd2 g6 28.
Re3 h6 29. Kb2 hxg5 30. hxg5 Kg7 31. c4 bxc3+ 32. Nxc3 Bd5 33. Nxe4 Bxe4 34.
Rxe4 Rc1 35. Rf2 R1c3 36. Rd4 Rg3 37. Rc4 Rd8 38. Rc3 Rg1 39. Rc5 Ra8 40. Rd2
Rf1 41. Rd4 Rf3 42. Rb5 Kg8 43. Rc4 Rf2+ 44. Ka3 Kg7 45. Rcc5 Rxf4 46. Rxa5 Rh8
47. Rab5 Rg4 48. a5 Rxg5 49. a6 Rg1 50. Ra5 g5 51. Kb2 g4 52. a7 Ra8 53. b4 g3
54. Rc3 g2 55. Rg3+ Kh7 56. b5 Re1 57. Rxg2 Rxe5 58. Kb3 Re3+ 59. Kb4 Re4+ 60.
Kc5 Re5+ 61. Kb6 1-0

[Event "World Rapid 2023"]
[Site "Samarkand UZB"]
[Date "2023.12.28"]
[EventDate "2023.12.26"]
[Round "12.56"]
[Result "0-1"]
[White "Aleksey Dreev"]
[Black "Cem Kaan Gokerkan"]
[WhiteElo "2606"]
[BlackElo "2523"]
[PlyCount "106"]

1. d4 Nf6 2. c4 g6 3. Nc3 Bg7 4. e4 d6 5. f3 c5 6. d5 O-O 7. Nge2 e6 8. Ng3 Na6
9. Bg5 h6 10. Be3 Nc7 11. Be2 exd5 12. cxd5 b5 13. a3 Re8 14. Qd2 h5 15. O-O Rb8
16. b4 h4 17. Nh1 h3 18. g3 Nd7 19. Nf2 a5 20. bxa5 Ba6 21. Rac1 Ne5 22. f4 Nc4
23. Bxc4 bxc4 24. e5 dxe5 25. fxe5 Rxe5 26. Bh6 Bh8 27. Bf4 Rb3 28. Ng4 Rh5 29.
Bxc7 Qxc7 30. Nf6+ Bxf6 31. Rxf6 Bc8 32. Rc6 Qd8 33. Ne4 Rf3 34. Rxc5 Bf5 35.
R1xc4 Kh7 36. d6 Rxa3 37. Nf2 Qa8 38. Nd1 Rxg3+ 39. hxg3 h2+ 40. Qxh2 Rxh2 41.
Kxh2 Qf3 42. Rd4 Be4 43. Rxe4 Qxe4 44. Nf2 Qd4 45. Rc2 Qxd6 46. Ne4 Qd3 47. Nf6+
Kg7 48. Rf2 Qb5 49. g4 Qxa5 50. Ne8+ Kf8 51. Nf6 Qe5+ 52. Kh3 Kg7 53. Nd7 Qd4 0-1

[Event "World Rapid 2023"]
[Site "Samarkand UZB"]
[Date "2023.12.28"]
[EventDate "2023.12.26"]
[Round "12.57"]
[Result "1-0"]
[White "Igor Lysyj"]
[Black "Nikolay Averin"]
[WhiteElo "2589"]
[BlackElo "2246"]
[PlyCount "92"]

1. d4 d5 2. c4 e6 3. Nf3 Nf6 4. g3 Be7 5. Bg2 O-O 6. O-O dxc4 7. Ne5 c5 8. dxc5
Qc7 9. Nxc4 Qxc5 10. b3 Rd8 11. Nbd2 Qc7 12. Bb2 Nc6 13. Rc1 Bd7 14. a3 Rac8 15.
b4 Be8 16. Qe1 b5 17. Na5 Qb6 18. Ndb3 Nd5 19. Nxc6 Bxc6 20. Na5 Ba8 21. Rxc8
Rxc8 22. Qa1 Bf6 23. Rc1 Rxc1+ 24. Qxc1 Qc7 25. Qxc7 Nxc7 26. Bxf6 gxf6 27. Bxa8
Nxa8 28. f4 Kf8 29. Kf2 Ke8 30. Ke3 Kd7 31. Kd4 Kd6 32. Nb7+ Kc7 33. Nc5 Nb6 34.
Ne4 Nd7 35. g4 Kc6 36. e3 e5+ 37. Kd3 a6 38. h4 Kd5 39. f5 h6 40. Nc3+ Kd6 41.
Ke2 Ke7 42. Nd5+ Kd6 43. e4 Kc6 44. Ne7+ Kd6 45. Ng8 Kc7 46. Nxh6 1-0